شگفتکی و بر جستگی قلم کا ر و ں کی (ا د بی لطا يف ) (Record no. 180884)

MARC details
000 -LEADER
fixed length control field 00742nam a22001937a 4500
005 - DATE AND TIME OF LATEST TRANSACTION
control field 20210823130221.0
010 ## - LCCN (DPL NO)
LC control number UR-11201
020 ## - INTERNATIONAL STANDARD BOOK NUMBER
Terms of availability 200.00
International Standard Book Number 9789383741274
035 ## - SYSTEM CONTROL NUMBER
System control number U-9756
037 ## - SOURCE OF ACQUISITION
Source of stock number/acquisition DBAD/PUB
082 ## - DEWEY DECIMAL CLASSIFICATION NUMBER
Classification number 808.882
100 ## - MAIN ENTRY--PERSONAL NAME
Personal name مر تبہ:نا ر نگ سا قی
245 ## - TITLE STATEMENT
Title شگفتکی و بر جستگی قلم کا ر و ں کی (ا د بی لطا يف )
Statement of responsibility, etc مر تبہ:نا ر نگ سا قی
246 ## - VARYING FORM OF TITLE
Title proper/short title Shaguftagi Wa Barjastagi Qalam Karon Ki (Urdu)
Remainder of title by Narang Saqui
260 ## - PUBLICATION, DISTRIBUTION, ETC. (IMPRINT)
Place of publication, distribution, etc N Delhi
Date of publication, distribution, etc 2019 ء
Name of publisher, distributor, etc M.R.Publications
270 ## - ADDRESS
Address #10 Metropol Market,2724-25Kucha Chelan Daryaganj,
City N.Delhi
Postal code 110002
Fax number 09810784549
300 ## - PHYSICAL DESCRIPTION
Extent 360 ص
Dimensions 22 Cm(Hb)
942 ## - ADDED ENTRY ELEMENTS (KOHA)
Source of classification or shelving scheme Dewey Decimal Classification
Item type Urdu Bks
Classification part 808.882
Call number suffix ن ا ر
Holdings
Withdrawn status Lost status Not for loan Collection code Home library Current library Date acquired Source of acquisition Cost, normal purchase price Full call number Barcode Copy number Cost, replacement price Koha item type
      Non-fiction Central Library Central Library 23/08/2021 DBAD/PUB 400.00 808.882 ن ا ر U-9756 1 400.00 Urdu Bks

© Delhi Public Library
Hit Counter
free hit counter